000 00744nam a2200229Ia 4500
001 8815
003 GE_BSU
008 181216s||||||||xx |||||||||||||| ||und||
040 _cGE_BSU
080 _a821.353.1-31
100 _aკალანდაძე,ალექსანდრე
245 _aნეიშნის ფიცი.
245 _bრომანი
245 _cრედ:ციალა ქაროსანიძე;მხატვ:სპარტაკ ცინცაძე
260 _aთბილისი
260 _bმერანი
260 _c1977
300 _a535გვ.22სმ
653 _aნეიშნის ფიცი.რომანი
653 _aრომანი
942 _cBK
999 _c42123
_d42123